[Event "Palma de Mallorca op"]
[Site "Palma de Mallorca"]
[Date "1992.??.??"]
[Round "6"]
[White "Campos, Jose Felix"]
[Black "Topalov, Veselin"]
[Result "0-1"]
[WhiteElo "2470"]
[BlackElo "2460"]
[PlyCount "74"]
[EventDate "1992.04.??"]
[EventType "swiss"]
[EventRounds "9"]
[EventCountry "ESP"]
[SourceTitle "TD"]
[Source "ChessBase"]
[SourceDate "1994.03.01"]
[SourceVersion "1"]
[SourceVersionDate "1994.03.01"]
[SourceQuality "1"]

1. d4 Nf6 2. c4 g6 3. Nc3 Bg7 4. e4 d6 5. f3 O-O 6. Bg5 c5 7. d5 e6 8. Qd2 h6
9. Be3 exd5 10. cxd5 a6 11. a4 h5 12. Be2 Re8 13. Bd1 Nbd7 14. Nge2 Ne5 15. b3
Qa5 16. Ra2 c4 17. O-O cxb3 18. Bxb3 Nfd7 19. Nb1 b6 20. Qxa5 bxa5 21. Nd2 Rb8
22. Bc2 Rb4 23. Nb3 Nc4 24. Bf2 Ndb6 25. Be1 Nxd5 26. exd5 Rxe2 27. Nc1 Re3 28.
Bxb4 axb4 29. Nb3 Rc3 30. Re1 Ne3 31. Na1 Nxd5 32. Bb3 Bd4+ 33. Kh1 Ne3 34. Rd2
Be5 35. Bc2 Be6 36. Bd3 a5 37. g3 b3 0-1

[Event "Terrassa"]
[Site "Terrassa"]
[Date "1992.??.??"]
[Round "1"]
[White "Sion Castro, Marcelino"]
[Black "Topalov, Veselin"]
[Result "1/2-1/2"]
[WhiteElo "2400"]
[BlackElo "2460"]
[PlyCount "79"]
[EventDate "1992.05.??"]
[EventType "tourn"]
[EventRounds "9"]
[EventCountry "ESP"]
[EventCategory "10"]
[SourceTitle "EXT 2002"]
[Source "ChessBase"]
[SourceDate "2001.11.25"]
[SourceVersion "1"]
[SourceVersionDate "2001.11.25"]
[SourceQuality "1"]

1. e4 e5 2. Nf3 Nc6 3. Bb5 a6 4. Ba4 Nf6 5. O-O Be7 6. Re1 b5 7. Bb3 O-O 8. c3
d6 9. h3 Nd7 10. d4 Bf6 11. a4 Bb7 12. Be3 Na5 13. Bc2 Nc4 14. Bc1 d5 15. Nxe5
Bxe5 16. dxe5 dxe4 17. b3 Ncxe5 18. Bxe4 Bxe4 19. Rxe4 Nf6 20. Rd4 Qe7 21. axb5
axb5 22. Rxa8 Rxa8 23. Bg5 h6 24. Bxf6 Qxf6 25. Nd2 Nc6 26. Rd3 b4 27. Qf3 Ra1+
28. Kh2 Qe5+ 29. Qg3 Rd1 30. Rd8+ Kh7 31. Qxe5 Nxe5 32. cxb4 Nc6 33. Rd7 Nxb4
34. Kg3 c5 35. Kf3 f5 36. Ke2 Rc1 37. g3 Rc3 38. h4 Nc6 39. Rd3 Rc1 40. Nf3
1/2-1/2

[Event "Terrassa"]
[Site "Terrassa"]
[Date "1992.??.??"]
[Round "2"]
[White "Topalov, Veselin"]
[Black "Gavrikov, Viktor"]
[Result "1/2-1/2"]
[WhiteElo "2460"]
[BlackElo "2560"]
[PlyCount "80"]
[EventDate "1992.05.??"]
[EventType "tourn"]
[EventRounds "9"]
[EventCountry "ESP"]
[EventCategory "10"]
[SourceTitle "EXT 2002"]
[Source "ChessBase"]
[SourceDate "2001.11.25"]
[SourceVersion "1"]
[SourceVersionDate "2001.11.25"]
[SourceQuality "1"]

1. e4 c5 2. Nf3 d6 3. d4 cxd4 4. Nxd4 Nf6 5. Nc3 a6 6. Be3 e6 7. Be2 Be7 8. f4
O-O 9. g4 d5 10. e5 Nfd7 11. O-O Nc6 12. Qd2 Qc7 13. Bf3 Rb8 14. Rae1 b5 15.
Nxc6 Qxc6 16. Bd4 b4 17. Ne2 Re8 18. Kg2 Bf8 19. Rf2 Bb7 20. Ng3 Qc7 21. Qe3
Rbc8 22. f5 exf5 23. gxf5 Bc5 24. e6 Nf6 25. Nh5 fxe6 26. Nxf6+ gxf6 27. fxe6
Qg7+ 28. Kh1 Bxd4 29. Qxd4 Rc4 30. Qd2 Kh8 31. Rg2 Qf8 32. b3 Rc3 33. Bh5 d4
34. Bxe8 Qxe8 35. e7 a5 36. Qh6 Bxg2+ 37. Kg1 Kg8 38. Qxf6 Rc6 39. Re6 Bf3 40.
Qg5+ Kh8 1/2-1/2

[Event "Terrassa"]
[Site "Terrassa"]
[Date "1992.??.??"]
[Round "3"]
[White "Ubach Miralda, Marcelo"]
[Black "Topalov, Veselin"]
[Result "0-1"]
[WhiteElo "2345"]
[BlackElo "2460"]
[PlyCount "69"]
[EventDate "1992.05.??"]
[EventType "tourn"]
[EventRounds "9"]
[EventCountry "ESP"]
[EventCategory "10"]
[SourceTitle "EXT 2002"]
[Source "ChessBase"]
[SourceDate "2001.11.25"]
[SourceVersion "1"]
[SourceVersionDate "2001.11.25"]
[SourceQuality "1"]

1. e4 c5 2. Nc3 d6 3. Nge2 Nf6 4. d4 cxd4 5. Nxd4 a6 6. Be3 e6 7. f4 b5 8. Qf3
Bb7 9. Bd3 Nbd7 10. O-O Be7 11. a3 Rc8 12. Qg3 g6 13. e5 Nh5 14. Qg4 Ng7 15.
exd6 Bxd6 16. Rad1 O-O 17. Qe2 Nf6 18. Kh1 Qe7 19. Bc1 Nf5 20. Nf3 Qc7 21. Ng5
Nh5 22. Bxf5 exf5 23. Ne6 Qb8 24. Nxf8 Rxf8 25. Qf2 Rc8 26. Be3 Rc4 27. Nd5 Re4
28. Ba7 Qe8 29. Qh4 Re2 30. Rg1 Qa8 31. Ne3 Qxa7 32. Nxf5 Qa8 33. Qg4 Nxf4 34.
Rxd6 Bxg2+ 35. Qxg2 0-1

[Event "Terrassa"]
[Site "Terrassa"]
[Date "1992.??.??"]
[Round "4"]
[White "Topalov, Veselin"]
[Black "Mellado Trivino, Juan"]
[Result "1-0"]
[WhiteElo "2460"]
[BlackElo "2390"]
[PlyCount "77"]
[EventDate "1992.05.??"]
[EventType "tourn"]
[EventRounds "9"]
[EventCountry "ESP"]
[EventCategory "10"]
[SourceTitle "EXT 2002"]
[Source "ChessBase"]
[SourceDate "2001.11.25"]
[SourceVersion "1"]
[SourceVersionDate "2001.11.25"]
[SourceQuality "1"]

1. d4 d6 2. e4 Nf6 3. Nc3 e5 4. Nge2 Be7 5. f3 exd4 6. Nxd4 O-O 7. Be2 c5 8.
Nb3 Be6 9. O-O Nc6 10. f4 Re8 11. Bf3 Bf8 12. Kh1 a5 13. a4 Bxb3 14. cxb3 Nd4
15. g4 Nxf3 16. Qxf3 Qe7 17. Re1 d5 18. e5 d4 19. Nb5 Qd7 20. h3 Nd5 21. Bd2 f6
22. Nd6 Nb4 23. Nxe8 fxe5 24. Rxe5 Rxe8 25. Rxe8 Qxe8 26. Re1 Qc6 27. Kg2 Nd3
28. Qxc6 bxc6 29. Bxa5 c4 30. bxc4 Nxb2 31. Rc1 Nxa4 32. Kf3 Kf7 33. Rd1 Bc5
34. Rd2 Ke6 35. Ra2 Nc3 36. Bxc3 dxc3 37. Ke4 Be7 38. Kd3 Bf6 39. Ra6 1-0

[Event "Terrassa"]
[Site "Terrassa"]
[Date "1992.??.??"]
[Round "5"]
[White "Dorfman, Josif D"]
[Black "Topalov, Veselin"]
[Result "1/2-1/2"]
[WhiteElo "2605"]
[BlackElo "2460"]
[PlyCount "137"]
[EventDate "1992.05.??"]
[EventType "tourn"]
[EventRounds "9"]
[EventCountry "ESP"]
[EventCategory "10"]
[SourceTitle "EXT 2002"]
[Source "ChessBase"]
[SourceDate "2001.11.25"]
[SourceVersion "1"]
[SourceVersionDate "2001.11.25"]
[SourceQuality "1"]

1. d4 Nf6 2. c4 g6 3. Nf3 Bg7 4. g3 O-O 5. Bg2 d6 6. O-O Nbd7 7. Qc2 e5 8. Rd1
Re8 9. Nc3 c6 10. e4 Qe7 11. d5 c5 12. a3 Nb6 13. Nd2 Bh6 14. b4 Bd7 15. bxc5
dxc5 16. Rb1 Rab8 17. Qd3 Nc8 18. Nb5 Bxb5 19. cxb5 b6 20. Bb2 Nd6 21. Nc4 Nxc4
22. Qxc4 Qd6 23. Re1 Re7 24. f4 Ne8 25. Bh3 Bg7 26. f5 Qd8 27. Rf1 Nd6 28. Qe2
Rc7 29. a4 Ra8 30. Rf3 a6 31. bxa6 Rca7 32. Rbf1 Qe8 33. a5 Rxa6 34. axb6 Rxb6
35. fxg6 hxg6 36. Ra3 Rab8 37. Bc1 Qf8 38. Bg2 Bh6 39. Bxh6 Qxh6 40. Qe3 Qxe3+
41. Rxe3 c4 42. Rc1 Rb2 43. Bf1 Rd2 44. Re2 Rbb2 45. Rxd2 Rxd2 46. Bxc4 Nxe4
47. Bf1 Nd6 48. g4 Kg7 49. h4 Rxd5 50. Kf2 Ne4+ 51. Ke3 Nf6 52. Be2 Rd4 53. Rg1
Nd5+ 54. Kf2 Nf4 55. Bf1 Kh6 56. Rg3 Rd2+ 57. Ke3 Rc2 58. Ke4 Rc1 59. Bb5 Re1+
60. Kf3 Rh1 61. Bc4 Kg7 62. Ke4 f6 63. g5 Rxh4 64. gxf6+ Kxf6 65. Rf3 g5 66.
Ba6 g4 67. Rxf4+ exf4 68. Kxf4 Kg6 69. Be2 1/2-1/2

[Event "Terrassa"]
[Site "Terrassa"]
[Date "1992.??.??"]
[Round "6"]
[White "Topalov, Veselin"]
[Black "Comas Fabrego, Luis"]
[Result "1-0"]
[WhiteElo "2460"]
[BlackElo "2440"]
[PlyCount "81"]
[EventDate "1992.05.??"]
[EventType "tourn"]
[EventRounds "9"]
[EventCountry "ESP"]
[EventCategory "10"]
[SourceTitle "EXT 2002"]
[Source "ChessBase"]
[SourceDate "2001.11.25"]
[SourceVersion "1"]
[SourceVersionDate "2001.11.25"]
[SourceQuality "1"]

1. e4 e6 2. d4 d5 3. Nc3 Bb4 4. e5 c5 5. a3 Ba5 6. b4 cxd4 7. Nb5 Bc7 8. f4 Ne7
9. Nf3 Bd7 10. Nxc7+ Qxc7 11. Bd3 Nbc6 12. O-O h6 13. Qe2 Nf5 14. Rf2 h5 15.
Bb2 a6 16. Bxf5 exf5 17. Bxd4 Nxd4 18. Nxd4 Be6 19. Rd1 Rc8 20. Rf3 Kf8 21. Rg3
Rh6 22. Rdd3 Qb6 23. Qe3 Rc4 24. h4 Rg6 25. Rxg6 fxg6 26. g3 Rc7 27. Nxf5 Qxe3+
28. Nxe3 Bf5 29. Rxd5 Bxc2 30. Nxc2 Rxc2 31. Rd8+ Ke7 32. Rd6 Kf7 33. Rb6 Ra2
34. Rxb7+ Ke6 35. Rb6+ Kf5 36. Rxa6 g5 37. fxg5 Kxe5 38. Rc6 Rxa3 39. Kg2 Rb3
40. Rc7 Rxb4 41. Rxg7 1-0

[Event "Terrassa"]
[Site "Terrassa"]
[Date "1992.??.??"]
[Round "7"]
[White "Azmaiparashvili, Zurab"]
[Black "Topalov, Veselin"]
[Result "1/2-1/2"]
[WhiteElo "2610"]
[BlackElo "2460"]
[PlyCount "32"]
[EventDate "1992.05.??"]
[EventType "tourn"]
[EventRounds "9"]
[EventCountry "ESP"]
[EventCategory "10"]
[SourceTitle "EXT 2002"]
[Source "ChessBase"]
[SourceDate "2001.11.25"]
[SourceVersion "1"]
[SourceVersionDate "2001.11.25"]
[SourceQuality "1"]

1. Nf3 Nf6 2. c4 g6 3. Nc3 Bg7 4. d4 O-O 5. e4 d6 6. Be2 e5 7. O-O Nc6 8. d5
Ne7 9. Nd2 a5 10. a3 Nd7 11. Rb1 f5 12. b4 Kh8 13. Qc2 Ng8 14. Nb5 axb4 15.
axb4 Ndf6 16. f3 Nh5 1/2-1/2

[Event "Terrassa"]
[Site "Terrassa"]
[Date "1992.??.??"]
[Round "8"]
[White "Garcia Ilundain, David"]
[Black "Topalov, Veselin"]
[Result "1/2-1/2"]
[WhiteElo "2420"]
[BlackElo "2460"]
[PlyCount "35"]
[EventDate "1992.05.??"]
[EventType "tourn"]
[EventRounds "9"]
[EventCountry "ESP"]
[EventCategory "10"]
[SourceTitle "EXT 2002"]
[Source "ChessBase"]
[SourceDate "2001.11.25"]
[SourceVersion "1"]
[SourceVersionDate "2001.11.25"]
[SourceQuality "1"]

1. d4 d6 2. Nf3 f5 3. g3 Nf6 4. Bg2 g6 5. O-O Bg7 6. c4 O-O 7. Nc3 c6 8. b3 Na6
9. Bb2 Qe8 10. Re1 h6 11. e4 fxe4 12. Nxe4 Qf7 13. Nxf6+ Bxf6 14. Qd2 Qg7 15.
Re2 Bf5 16. Rae1 Rae8 17. b4 Nc7 18. a4 1/2-1/2

[Event "Terrassa"]
[Site "Terrassa"]
[Date "1992.??.??"]
[Round "9"]
[White "Topalov, Veselin"]
[Black "Morovic Fernandez, Ivan"]
[Result "1-0"]
[WhiteElo "2460"]
[BlackElo "2565"]
[PlyCount "83"]
[EventDate "1992.05.??"]
[EventType "tourn"]
[EventRounds "9"]
[EventCountry "ESP"]
[EventCategory "10"]
[SourceTitle "EXT 2002"]
[Source "ChessBase"]
[SourceDate "2001.11.25"]
[SourceVersion "1"]
[SourceVersionDate "2001.11.25"]
[SourceQuality "1"]

1. e4 c5 2. Nf3 e6 3. d4 cxd4 4. Nxd4 Nf6 5. Nc3 d6 6. Be3 Be7 7. g4 d5 8. Bb5+
Kf8 9. exd5 Nxd5 10. Nxd5 Qxd5 11. Qf3 Qxf3 12. Nxf3 Bd7 13. Be2 Bc6 14. O-O-O
Nd7 15. Rhe1 e5 16. Bc4 f6 17. Nh4 Bb4 18. c3 Bc5 19. g5 Bxe3+ 20. Rxe3 fxg5
21. Nf3 h6 22. Nxe5 Nxe5 23. Rxe5 g6 24. Rd6 Be8 25. Rf6+ Kg7 26. Rfe6 Rf8 27.
Re7+ Kf6 28. Bd5 Bf7 29. Bxb7 Rab8 30. Re3 Bxa2 31. Rc7 g4 32. Be4 Kg5 33. Rc5+
Kf4 34. Bxg6 Bb3 35. c4 Rb4 36. Bd3 Ra4 37. Kd2 Ra1 38. Rb5 Ba4 39. Ra5 Rf7 40.
Bc2 Rd7+ 41. Kc3 Bxc2 42. Rxa1 1-0

[Event "Benidorm op"]
[Site "Benidorm"]
[Date "1992.??.??"]
[Round "2"]
[White "Topalov, Veselin"]
[Black "Glimbrant, Torbjorn"]
[Result "1-0"]
[WhiteElo "2460"]
[BlackElo "2235"]
[PlyCount "55"]
[EventDate "1992.06.??"]
[EventType "swiss"]
[EventRounds "7"]
[EventCountry "ESP"]
[SourceTitle "TD"]
[Source "ChessBase"]
[SourceDate "1994.03.01"]
[SourceVersion "1"]
[SourceVersionDate "1994.03.01"]
[SourceQuality "1"]

1. d4 e6 2. c4 Nf6 3. Nc3 d5 4. Bg5 Be7 5. e3 O-O 6. Qc2 Nbd7 7. Nf3 c6 8.
O-O-O a6 9. Kb1 dxc4 10. Bxc4 b5 11. Bd3 Bb7 12. Ne5 h6 13. Bxf6 Bxf6 14. Nxd7
Qxd7 15. Ne4 Be7 16. Rhg1 Qc7 17. g4 c5 18. Nxc5 Bxc5 19. dxc5 Rac8 20. g5 h5
21. g6 Qxh2 22. gxf7+ Rxf7 23. Bh7+ Kf8 24. Bg6 Rf6 25. Be4 Rxf2 26. Rgf1 Bxe4
27. Qxe4 Re8 28. Qc2 1-0

[Event "Benidorm op"]
[Site "Benidorm"]
[Date "1992.??.??"]
[Round "3"]
[White "Carlier, Bruno"]
[Black "Topalov, Veselin"]
[Result "1/2-1/2"]
[WhiteElo "2395"]
[BlackElo "2460"]
[PlyCount "85"]
[EventDate "1992.06.??"]
[EventType "swiss"]
[EventRounds "7"]
[EventCountry "ESP"]
[SourceTitle "TD"]
[Source "ChessBase"]
[SourceDate "1994.03.01"]
[SourceVersion "1"]
[SourceVersionDate "1994.03.01"]
[SourceQuality "1"]

1. e4 c5 2. Nf3 d6 3. Bb5+ Nd7 4. d4 Ngf6 5. O-O a6 6. Bxd7+ Nxd7 7. e5 e6 8.
c4 dxe5 9. dxe5 Be7 10. Nc3 b6 11. Ne4 Bb7 12. Qe2 Qc7 13. Bf4 Qc6 14. Rfe1
Qxe4 15. Qxe4 Bxe4 16. Rxe4 h6 17. h4 g6 18. a4 O-O-O 19. Bd2 Nb8 20. Bc3 Nc6
21. Kf1 Rd7 22. Rf4 Bd8 23. Ke2 Bc7 24. Re4 Rhd8 25. Rc1 Kb7 26. Rc2 h5 27. Rd2
Na7 28. Rxd7 Rxd7 29. Re3 b5 30. axb5 axb5 31. b3 bxc4 32. bxc4 Nc6 33. Rd3 Re7
34. Ke3 Kc8 35. Ke4 Bd8 36. Rd1 Rb7 37. Ra1 Rb3 38. Bd2 Be7 39. Be3 Nb4 40. Nd2
Rb2 41. Rb1 Rxb1 42. Nxb1 Nc6 43. f4 1/2-1/2

[Event "Benidorm op"]
[Site "Benidorm"]
[Date "1992.??.??"]
[Round "4"]
[White "Topalov, Veselin"]
[Black "Sorin, Ariel"]
[Result "1-0"]
[WhiteElo "2460"]
[BlackElo "2415"]
[PlyCount "63"]
[EventDate "1992.06.??"]
[EventType "swiss"]
[EventRounds "7"]
[EventCountry "ESP"]
[SourceTitle "TD"]
[Source "ChessBase"]
[SourceDate "1994.03.01"]
[SourceVersion "1"]
[SourceVersionDate "1994.03.01"]
[SourceQuality "1"]

1. d4 Nf6 2. c4 d6 3. Nc3 e5 4. Nf3 Nbd7 5. Bg5 Be7 6. e3 c6 7. Qc2 h6 8. Bh4
Nh5 9. Bxe7 Qxe7 10. O-O-O Nhf6 11. Rg1 a6 12. g4 e4 13. Nd2 d5 14. Qb3 Qd6 15.
g5 hxg5 16. Rxg5 Rxh2 17. cxd5 cxd5 18. Nxd5 b5 19. Nc3 Kf8 20. Ndxe4 Nxe4 21.
Nxe4 Qc6+ 22. Nc3 Rxf2 23. Qb4+ Kg8 24. Bd3 Nf6 25. Rdg1 Bg4 26. e4 Rd8 27. Kb1
a5 28. Qxa5 Rxd4 29. Nd5 Qe8 30. Qc3 Rxd5 31. exd5 Rf4 32. R1xg4 1-0

[Event "Benidorm op"]
[Site "Benidorm"]
[Date "1992.??.??"]
[Round "6"]
[White "Topalov, Veselin"]
[Black "Sanchez Guirado, Francisco Javier"]
[Result "1-0"]
[WhiteElo "2460"]
[BlackElo "2340"]
[PlyCount "63"]
[EventDate "1992.06.??"]
[EventType "swiss"]
[EventRounds "7"]
[EventCountry "ESP"]
[SourceTitle "TD"]
[Source "ChessBase"]
[SourceDate "1994.03.01"]
[SourceVersion "1"]
[SourceVersionDate "1994.03.01"]
[SourceQuality "1"]

1. d4 Nf6 2. c4 e6 3. Nc3 Bb4 4. Bg5 h6 5. Bh4 d5 6. e3 O-O 7. cxd5 exd5 8. Bd3
c6 9. Nge2 Re8 10. Qc2 Nbd7 11. O-O-O Nf8 12. Rhg1 Qd6 13. h3 b5 14. g4 Bxc3
15. Nxc3 b4 16. Bg3 Qd8 17. Na4 Ne4 18. Kb1 Qa5 19. Rc1 Be6 20. Nc5 Rac8 21.
Nb7 Qb6 22. Nd6 Qa5 23. Bxe4 dxe4 24. b3 Bd5 25. Nxe8 Rxe8 26. Bd6 Ne6 27. Qd2
Qb5 28. Qxb4 Qd3+ 29. Kb2 a5 30. Qxa5 c5 31. Rgd1 Qe2+ 32. Rd2 1-0

[Event "Benidorm op"]
[Site "Benidorm"]
[Date "1992.??.??"]
[Round "7"]
[White "Damljanovic, Branko"]
[Black "Topalov, Veselin"]
[Result "1-0"]
[WhiteElo "2585"]
[BlackElo "2460"]
[PlyCount "127"]
[EventDate "1992.06.??"]
[EventType "swiss"]
[EventRounds "7"]
[EventCountry "ESP"]
[SourceTitle "TD"]
[Source "ChessBase"]
[SourceDate "1994.03.01"]
[SourceVersion "1"]
[SourceVersionDate "1994.03.01"]
[SourceQuality "1"]

1. Nf3 Nf6 2. c4 e6 3. g3 d5 4. Bg2 Be7 5. b3 O-O 6. Bb2 c5 7. O-O Nc6 8. e3
dxc4 9. bxc4 Qb6 10. Qb3 Na5 11. Qxb6 axb6 12. Rc1 Rd8 13. Na3 Bd7 14. d3 Bc6
15. Ne1 Ne8 16. Bc3 Bf6 17. Bxf6 Nxf6 18. Rcb1 Nd7 19. Bf1 Kf8 20. Rb2 Ba4 21.
Nb1 Bd1 22. Nc3 Bh5 23. f4 Nc6 24. Bg2 Bg6 25. Bxc6 bxc6 26. a4 Ra5 27. e4 Ke7
28. Kf2 Bh5 29. h3 f6 30. g4 Bf7 31. Nf3 h6 32. h4 Rg8 33. Rh1 Raa8 34. Ke3 Kd6
35. Rg2 Kc7 36. h5 Rae8 37. e5 fxe5 38. Nxe5 Nxe5 39. fxe5 Rgf8 40. Ne4 Bg8 41.
g5 Rf5 42. gxh6 gxh6 43. Nf6 Rxe5+ 44. Kd2 Bf7 45. Nxe8+ Bxe8 46. Rg7+ Kd6 47.
Rb1 Bxh5 48. Rxb6 Re2+ 49. Kc3 Ra2 50. Rb1 Ra3+ 51. Kd2 Ra2+ 52. Kc3 Ra3+ 53.
Kb2 Rxa4 54. Rh1 Be2 55. Rh2 Rb4+ 56. Kc3 Bd1 57. Rxh6 Ba4 58. Rgg6 Rb3+ 59.
Kd2 Rb2+ 60. Ke3 Rb1 61. Rxe6+ Kd7 62. Reg6 Re1+ 63. Kd2 Rd1+ 64. Ke2 1-0

[Event "Candas op"]
[Site "Candas"]
[Date "1992.??.??"]
[Round "2"]
[White "Nedobora, Mikhail"]
[Black "Topalov, Veselin"]
[Result "0-1"]
[WhiteElo "2355"]
[BlackElo "2460"]
[PlyCount "67"]
[EventDate "1992.10.??"]
[EventType "swiss"]
[EventRounds "9"]
[EventCountry "ESP"]
[SourceTitle "TD"]
[Source "ChessBase"]
[SourceDate "1994.03.01"]
[SourceVersion "1"]
[SourceVersionDate "1994.03.01"]
[SourceQuality "1"]

1. d4 f5 2. g3 Nf6 3. Bg2 d6 4. c4 g6 5. Nh3 e5 6. dxe5 dxe5 7. Qxd8+ Kxd8 8.
Nc3 h6 9. b3 c6 10. Bb2 Be6 11. f3 Nbd7 12. Nf2 Kc7 13. Nd3 Re8 14. O-O-O Kc8
15. Rhe1 h5 16. e4 h4 17. exf5 Bxf5 18. g4 Bxd3 19. Rxd3 h3 20. Bf1 Nc5 21.
Rdd1 Bh6+ 22. Kb1 Bf4 23. Bd3 Nxd3 24. Rxd3 Bxh2 25. Ne2 e4 26. Re3 exf3 27.
Rxf3 Ne4 28. Kc2 Ng5 29. Rf2 Be5 30. Bxe5 Rxe5 31. Rh1 Re4 32. Rg1 Nf3 33. Rh1
Ne5 34. Kd2 0-1

[Event "Candas op"]
[Site "Candas"]
[Date "1992.??.??"]
[Round "4"]
[White "Hoffman, Alejandro"]
[Black "Topalov, Veselin"]
[Result "1/2-1/2"]
[WhiteElo "2445"]
[BlackElo "2460"]
[Annotator "ChessBase"]
[PlyCount "176"]
[EventDate "1992.10.??"]
[EventType "swiss"]
[EventRounds "9"]
[EventCountry "ESP"]
[SourceTitle "TD"]
[Source "ChessBase"]
[SourceDate "1994.03.01"]
[SourceVersion "1"]
[SourceVersionDate "1994.03.01"]
[SourceQuality "1"]

1. d4 f5 2. g3 Nf6 3. Bg2 d6 4. b3 g6 5. Bb2 Bg7 6. Nd2 O-O 7. Nh3 Qe8 8. d5 c6
9. c4 Na6 10. O-O h6 11. Nf4 g5 12. dxc6 bxc6 13. Nd3 e5 14. e4 Qg6 15. f3 c5
16. exf5 Bxf5 17. Nf2 Rad8 18. g4 Bc8 19. Re1 Nb4 20. Bf1 h5 21. a3 Nc6 22. h3
Qh6 23. Bg2 Nd4 24. Bxd4 exd4 25. Re7 Nd7 26. Nde4 Ne5 27. Rxa7 Rf4 28. Ng3
hxg4 29. fxg4 Qh4 30. Bd5+ Kh8 31. Kg2 Rdf8 32. Ra2 Bxg4 33. Nxg4 Nxg4 34. hxg4
Rxg4 35. Qxg4 Qxg4 36. Ra1 Bh6 37. Rh1 Rf6 38. Ra8+ Kg7 39. Re1 Rf7 40. Bxf7
Kxf7 {Aquí se produce un interesante final. El blanco tiene clara ventaja ya
que las dos torres coordinadas con el caballo dominan al duo dama-alfil. Y
ademís la posibilidad de avanzar el peón 'a' esta latente y es decisiva.} 41.
Ra7+ Kg6 {[Si 41...Rf6 42.Ta6 seguido de la captura del peón 'd6']} 42. Rae7
Kf6 43. R7e4 $2 (43. a4 $5 d3 (43... Qc8 44. a5 Qa8+ 45. Kh3 {Ganando}) 44.
R7e4 {Seguido de 45.Td1 y se gana el peón}) 43... Qd7 44. a4 g4 $1 {Activando
el alfil y creando gran contrajuego} 45. Rf1+ Kg6 46. Rf5 d3 47. Rxg4+ Kh7 48.
Rh4 d2 49. Rd5 Kg6 50. Re4 Kf7 51. Nf5 Kg6 $1 52. Nxd6 $4 {[Habia que regresar.
Con poco tiempo no se puede controlar todo]} (52. Nxh6 Qb7 $1 53. Re6+ (53.
Rxd6+ Kh7 54. Kf3 d1=Q+ $1 55. Rxd1 Qxb3+ $10) 53... Kh7) 52... Bf8 {Las
negras estín claramente mejor} 53. Rxd2 Bxd6 54. Rd5 Kf6 55. Re3 Qg4+ 56. Kf2
Bh2 57. Rf3+ Kg6 58. Ke2 Qg2+ 59. Ke3 Qc2 60. Rd3 Qb2 61. Rf1 Qg2 {Aqui se
llegó al 2U control y se produjo el primer aplazamiento. Topalov tiene una
pequeña ventaja y necesita coordinar mejor sus piezas.} 62. Rf3 Qg5+ 63. Ke2
Bf4 64. Rf2 Qe5+ 65. Kf1 Be3 66. Rf3 Bd4 $2 {[Era necesario 66...Da1+ y luego
Ad4]} 67. Rd2 {[Ya hay suficiente contrajuego ante la amenaza al rey negro]}
Kh5 68. Rg2 Qe6 (68... Kh4 69. Rf7 $18) 69. a5 (69. Rfg3 Be5) 69... Bf6 70. Re2
Qd6 71. Ree3 Qd1+ 72. Kg2 Qd2+ 73. Kh3 Qd1 74. Kg2 Qd2+ 75. Kh3 Qd4 76. Rf5+
Kg6 77. Ref3 Be5 78. a6 Qa1 79. a7 Bd4 80. Kg4 $1 Qg1+ (80... Qxa7 81. Rg5+ Kh6
82. Rh3# {mate}) 81. Rg3 Qa1 {[Aqui se llegó el 2U aplazamiento, siendo el
blanco el que intenta ahora ganar} 82. Rgf3 Qg1+ 83. Rg3 Qa1 84. Kf4+ Kh6 85.
Rfg5 (85. Rh3+ Kg6 86. Rg5+ Kf6 87. Rh6+ Kf7 88. Rh7+ Kf6 {[y las blancas no
prosperan]}) 85... Qc1+ 86. Kf5 Qf1+ 87. Ke4 Qe1+ $1 (87... Qf8 88. Rg8 $18)
88. Kd5 Qe8 {[Si 89.Tg8 Dd7 y jaque perpetuo]} 1/2-1/2

[Event "Candas op"]
[Site "Candas"]
[Date "1992.??.??"]
[Round "6"]
[White "Barlov, Dragan"]
[Black "Topalov, Veselin"]
[Result "1-0"]
[WhiteElo "2460"]
[BlackElo "2460"]
[PlyCount "73"]
[EventDate "1992.10.??"]
[EventType "swiss"]
[EventRounds "9"]
[EventCountry "ESP"]
[SourceTitle "TD"]
[Source "ChessBase"]
[SourceDate "1994.03.01"]
[SourceVersion "1"]
[SourceVersionDate "1994.03.01"]
[SourceQuality "1"]

1. d4 f5 2. c4 Nf6 3. Nc3 d6 4. Bg5 Nbd7 5. Qc2 g6 6. e4 fxe4 7. Nxe4 Bg7 8.
Nf3 c5 9. Nc3 O-O 10. Be2 Qa5 11. Bd2 Qb6 12. d5 Ng4 13. O-O Nde5 14. Nxe5 Bxe5
15. Bxg4 Bxg4 16. Bh6 Rf7 17. b3 Bf5 18. Qd2 Qb4 19. Rac1 a6 20. Rfe1 b5 21.
Rxe5 dxe5 22. d6 Be6 23. dxe7 Re8 24. Qd6 Rfxe7 25. Ne4 Rf7 26. Qc6 Rfe7 27.
Nf6+ Kf7 28. Nxe8 Rxe8 29. Qf3+ Bf5 30. g4 e4 31. Qf4 e3 32. gxf5 e2 33. fxg6+
Kxg6 34. Qg5+ Kf7 35. Qh5+ Ke7 36. Qxe2+ Kd7 37. Qd2+ 1-0

[Event "Candas op"]
[Site "Candas"]
[Date "1992.??.??"]
[Round "7"]
[White "Topalov, Veselin"]
[Black "Maljutin, Evgeni"]
[Result "1-0"]
[WhiteElo "2460"]
[BlackElo "2465"]
[PlyCount "89"]
[EventDate "1992.10.??"]
[EventType "swiss"]
[EventRounds "9"]
[EventCountry "ESP"]
[SourceTitle "TD"]
[Source "ChessBase"]
[SourceDate "1994.03.01"]
[SourceVersion "1"]
[SourceVersionDate "1994.03.01"]
[SourceQuality "1"]

1. d4 d5 2. c4 c6 3. Nc3 e6 4. Nf3 dxc4 5. g3 Nf6 6. Bg2 Nbd7 7. a4 a5 8. O-O
Be7 9. e4 Nb6 10. Be3 O-O 11. Qe2 Ng4 12. Bd2 c5 13. dxc5 Bxc5 14. e5 Qd3 15.
Qxd3 cxd3 16. h3 Nh6 17. Ne4 Be7 18. Rfd1 Bd7 19. b3 Nd5 20. Be1 Nb4 21. Bxb4
Bxb4 22. Rxd3 Bc6 23. Nd4 Rfd8 24. Rad1 Nf5 25. Nxf5 Rxd3 26. Nh6+ Kf8 27. Rxd3
Bxe4 28. Bxe4 gxh6 29. Bxb7 Rb8 30. Rd7 Re8 31. Bf3 Re7 32. Rd3 Rc7 33. Bh5 Bc3
34. Re3 Rc5 35. Rf3 Bxe5 36. Rxf7+ Kg8 37. Rb7 Rc7 38. Rb6 Bd4 39. Rxe6 Rc2 40.
Be2 Rc3 41. Re4 Bc5 42. Kg2 Kg7 43. Bc4 Rc2 44. Rf4 Bb4 45. h4 1-0